000 03077nam0a2200373 4500
001 RU\NLR\bibl\1658611
005 20260406050439.0
010 _a978-5-88996-975-4
_9300
021 _aRU
_b2010-45063
035 _a(nilc)RSL-KNO-004660921
035 _a(NLR Aleph) 001649908
090 _a915158
_c915158
100 _a20100622d2009 |||y0rusy50 ca
101 0 _arus
102 _aRU
105 _aa zzzz|||||
200 1 _aЭффективное управление организационными изменениями на промышленных предприятиях
_eучебник для студентов высших учебных заведений, обучающихся по специальности 080502 - Экономика и управление на предприятии (по отраслям), а также для магистров и аспирантов экономических специальностей
_fГ. А. Краюхин, Н. В. Казакова, Ю. М. Солдак
_gпод ред. Г. А. Краюхина
_gФедеральное агентство по образованию, Гос. образовательное учреждение высш. проф. образования "Санкт-Петербургский гос. инженерно-экономический ун-т"
210 _aСанкт-Петербург
_cСПбГИЭУ
_d2009
215 _a308, [1] с.
_cил.
_d21
300 _aНа 4-й с. обл. авт.: Краюхин Г.А. - засл. деят. науки Рос. Федерации, д.э.н., проф., Казакова Н.. - почет. работник высш. проф. образования Рос. Федерации, д.чл. Междунар. акад. науки и практики орг. пр-ва, д.э.н., проф., Солдак Ю.М. - засл. работник высш. шк. Рос. Федерации, д.чл. Междунар. акад. науки и практики орг. пр-ва, д.э.н., проф.
320 _aБиблиогр.: с. 286-299 (204 назв.)
606 1 _aПромышленные предприятия
_jУчебники для высших учебных заведений
_xУправление
_xОрганизация
_92224544
_3RU\NLR\auth\661335518
610 0 _aЭкономика -- Российская Федерация -- Промышленность -- Промышленное предприятие -- Управление -- Учебник для высшей школы
686 _aУ9(2)301-21я73-1
_2rubbk
686 _aУ30(2)-212я73
700 1 _4070
_8rus
_7ca
_aКраюхин
_bГ. А.
_f1928-
_gГерольд Александрович
_3RU\NLR\auth\775921
_9115878
701 1 _aКазакова
_bН. В.
_gНаталия Васильевна
_4070
701 1 _aСолдак
_bЮ. М.
_gЮрий Максимович
_4070
801 0 _aRU
_bРГБ
_c20100622
_grcr
801 1 _aRU
_bРГБ
_c20100622
801 2 _aRU
_bNLR
_c20100728
_grcr
942 _cBOOK
980 _aNB